Trouvez les calvities (Version Image) - Statistiques

Statistiques générales
  • Ce quiz a été pris 158 fois
    98 depuis la dernière actualisation
  • Le résultat moyen est 10 sur 23
Statistiques - réponses
Par images Réponse % Correct
Sadio Mané
85%
Pierre-Emerick Aubameyang
80%
Pessi
79%
Franck Leboeuf
78%
Stéphane Ruffier
74%
Jiraya
69%
Zack Nani
68%
Wahbi Khazri
67%
Christophe Dugarry
53%
Paul Bernardoni
51%
Gervinho
49%
Florent Balmon
46%
Chris Froome
43%
Marouane Chamakh
25%
Benjamin Nivet
23%
Maxime Dupé
20%
Alejandro Valverde
17%
Goran Pandev
16%
Marco Pantani
14%
Mathieu Acebes
10%
Sébastien Puygrenier
9%
Guillaume Di Grazia
6%
Steve Borthwick
5%
Aucun quiz correspondant
Distribution des résultats
% des personnes avec chaque résultat
Percentile par nombre de réponses
Votre historique - résultats
Vous n’avez pas pris ce quiz depuis la dernière actualisation